The rise of the novel: studies in Defoe, Richardson and Fielding
Gardado en:
| Autor Principal: | |
|---|---|
| Formato: | Libro |
| Idioma: | inglés |
| Publicado: |
Berkeley
University of California Press
1957
|
| Edición: | 1a. ed |
| Subjects: | |
| Tags: |
Engadir etiqueta
Sen Etiquetas, Sexa o primeiro en etiquetar este rexistro!
|
MARC
| LEADER | 00000cam a2200000 a 4500 | ||
|---|---|---|---|
| 001 | UCC2808 | ||
| 003 | CL-VaPUC | ||
| 008 | 180323e19570000us |||||||||||||||||eng|d | ||
| 020 | |a 0520013182 | ||
| 082 | 0 | 4 | |a 820.9 |b WAT |2 21 |
| 100 | 0 | |a Watt, Ian |e author |9 596817 | |
| 245 | 1 | 4 | |a The rise of the novel: studies in Defoe, Richardson and Fielding |
| 250 | |a 1a. ed | ||
| 300 | |a 319 p | ||
| 942 | |c BK | ||
| 945 | |d 20180323 15:33:00 |a dcastane | ||
| 260 | |a Berkeley |b University of California Press |c 1957 | ||
| 600 | 0 | |a Defoe, Daniel |9 338739 | |
| 600 | 0 | 7 | |a FIELDING, HENRY |2 CL-VaPUC |9 321128 |
| 650 | 7 | |a ENSAYOS LITERARIOS |2 CL-VaPUC |9 346201 | |
| 650 | 0 | |a Historia y crítica |9 257407 | |
| 650 | 0 | |a Literatura inglesa |9 312907 | |
| 583 | |a last modification |c 20180323 15:33:00 |k Rodrigo Vera | ||
| 999 | |c 370749 |d 370747 | ||
| 952 | |0 0 |1 0 |3 erb |4 0 |6 820_900000000000000_WAT_1957 |7 0 |8 A |9 487358 |a BIBEDU |b BIBEDU |i 5459494 |o 820.9 WAT 1957 |p 5459494 |r 2019-11-24 |w 2019-11-24 |y BK |z Catalogado en:20180323 |k LIT | ||